[Event "POL-chT 2nd League"]
[Site "Jastrzebia Gora"]
[Date "2023.09.09"]
[Round "8.62"]
[White "Laszewicz, Pawel"]
[Black "Goszczynski, Andrzej"]
[Result "0-1"]
[WhiteElo "1997"]
[BlackElo "2076"]
[PlyCount "62"]
[EventDate "2023.09.02"]
[EventType "team-swiss"]
[EventRounds "9"]
[EventCountry "POL"]
[SourceTitle "EXT 2024"]
[Source "ChessBase"]
[SourceDate "2023.10.10"]
[SourceVersion "1"]
[SourceVersionDate "2023.10.10"]
[SourceQuality "1"]
[WhiteTeam "Radkow Giecek"]
[BlackTeam "Lodz Okucia Budowlane"]
[WhiteTeamCountry "POL"]
[BlackTeamCountry "POL"]

1. e4 c5 2. Nf3 e6 3. d4 cxd4 4. Nxd4 a6 5. c4 Nf6 6. Nc3 Qc7 7. Qd3 Nc6 8. Nxc6 dxc6 9. Be2 e5 10. Qg3 Be6 11. f4 Qa5 12. 0-0 exf4 13. Bxf4 Nh5 14. Bxh5 Qxh5 15. Nd5 Bc5+ 16. Be3 Bxe3+ 17. Nxe3 0-0 18. Rf5 Bxf5 19. Nxf5 g6 20. Rf1 Rae8 21. Nd6 Re7 22. Rf5 Qd1+ 23. Rf1 Qd4+ 24. Kh1 Qe5 25. Nf5 Re6 26. Rf4 Kh8 27. Nh6 f6 28. h4 Qh5 29. Ng4 g5 30. Rxf6 Rexf6 31. Nxf6 Rxf6 0-1

[Event "POL-chT 2nd League"]
[Site "Jastrzebia Gora"]
[Date "2022.09.03"]
[Round "1.56"]
[White "Laszewicz, Pawel"]
[Black "Kumala, Aleksander"]
[Result "1/2-1/2"]
[WhiteElo "1995"]
[BlackElo "2175"]
[PlyCount "39"]
[EventDate "2022.09.03"]
[EventType "team-swiss"]
[EventRounds "9"]
[EventCountry "POL"]
[SourceTitle "CBM 210 Extra"]
[Source "ChessBase"]
[SourceDate "2022.11.30"]
[SourceVersion "1"]
[SourceVersionDate "2022.11.30"]
[SourceQuality "1"]
[WhiteTeam "Radkow Giecek"]
[BlackTeam "Debica Gryf"]
[WhiteTeamCountry "POL"]
[BlackTeamCountry "POL"]

1. e4 e5 2. Nf3 Nf6 3. Nc3 Nc6 4. d4 exd4 5. Nxd4 Nxe4 6. Nxc6 Nxc3 7. Nxd8 Nxd1 8. Nxf7 Kxf7 9. Bc4+ Kf6 10. Kxd1 c6 11. Bf4 d5 12. Bd3 Bf5 13. Kd2 Bc5 14. f3 Rhe8 15. g4 Bxd3 16. Kxd3 Re6 17. Rae1 Rae8 18. Bd2 Rxe1 19. Rxe1 Rxe1 20. Bxe1 1/2-1/2

[Event "POL-chT 2nd League"]
[Site "Sypniewo"]
[Date "2021.09.04"]
[Round "1.10"]
[White "Bebel, Arkadiusz"]
[Black "Laszewicz, Pawel"]
[Result "1-0"]
[WhiteElo "2294"]
[BlackElo "2108"]
[PlyCount "97"]
[EventDate "2021.09.04"]
[EventType "team-swiss"]
[EventRounds "9"]
[EventCountry "POL"]
[SourceTitle "CBM 204 Extra"]
[Source "ChessBase"]
[SourceDate "2021.11.30"]
[SourceVersion "1"]
[SourceVersionDate "2021.11.30"]
[SourceQuality "1"]
[WhiteTeam "Warszawa Mogalo"]
[BlackTeam "Radkow Giecek"]
[WhiteTeamCountry "POL"]
[BlackTeamCountry "POL"]

1. Nf3 d5 2. g3 Bg4 3. Bg2 Nf6 4. 0-0 Nbd7 5. h3 Bh5 6. d3 e6 7. c4 c6 8. cxd5 exd5 9. Nc3 Be7 10. e4 dxe4 11. dxe4 Nc5 12. Qxd8+ Rxd8 13. Nh4 Bg6 14. Nf5 Bxf5 15. exf5 Nd3 16. Be3 a6 17. Rab1 0-0 18. Rfd1 Rfe8 19. a3 Ne5 20. Bd4 Bd6 21. Na4 Ned7 22. b4 Be5 23. Bxe5 Nxe5 24. Nc5 Rb8 25. Rd4 b6 26. Nxa6 Rbc8 27. f4 Ned7 28. g4 Nb8 29. Nxb8 Rxb8 30. Bxc6 Re3 31. Rbd1 h6 32. R1d3 Re1+ 33. Kf2 Ra1 34. b5 Kh7 35. a4 Rc8 36. g5 Ng8 37. Re3 Rc7 38. Rde4 Ra7 39. Re8 R7xa4 40. g6+ fxg6 41. fxg6+ Kxg6 42. Rxg8 Rxf4+ 43. Rf3 Ra2+ 44. Kg3 Rb4 45. Rh8 Kg5 46. Re8 h5 47. h4+ Kh6 48. Rh8+ Kg6 49. Be8# 1-0

[Event "Rubinstein Memorial op-A 57th"]
[Site "Polanica Zdroj"]
[Date "2021.08.16"]
[Round "3"]
[White "Laszewicz, Pawel"]
[Black "Dziewonski, Dariusz"]
[Result "1/2-1/2"]
[WhiteElo "2161"]
[BlackElo "1937"]
[PlyCount "88"]
[EventDate "2021.08.14"]
[EventType "swiss"]
[EventRounds "9"]
[EventCountry "POL"]
[SourceTitle "CBM 203 Extra"]
[Source "ChessBase"]
[SourceDate "2021.09.30"]
[SourceVersion "1"]
[SourceVersionDate "2021.09.30"]
[SourceQuality "1"]

1. e4 e5 2. Nf3 Nc6 3. d4 exd4 4. Nxd4 Nf6 5. Nxc6 bxc6 6. Bd3 Bc5 7. e5 Nd5 8. Qg4 Kf8 9. 0-0 d6 10. Qh5 dxe5 11. Qxe5 Qd6 12. Qxd6+ cxd6 13. a3 Be6 14. Bd2 Rb8 15. c4 Nb6 16. Bf4 Rd8 17. Nd2 Bd4 18. Rab1 f6 19. Rfc1 Kf7 20. Ne4 Be5 21. Bxe5 dxe5 22. Nc5 Na4 23. Nxa4 Rxd3 24. Nc5 Rd4 25. Nxe6 Kxe6 26. Kf1 Rb8 27. Ke2 Rb3 28. Rc2 Kd6 29. c5+ Kd5 30. Rd1 a5 31. Rdc1 g6 32. f3 h5 33. Kf2 h4 34. h3 g5 35. Ke2 Ke6 36. Kf2 Kd5 37. Ke2 a4 38. Kf2 Rb8 39. Ke2 Rb7 40. Kf2 Rb5 41. Ke2 Ke6 42. Kf2 Rd3 43. Re1 Kd5 44. Ke2 Rd4 1/2-1/2

[Event "Rubinstein Memorial op-A 57th"]
[Site "Polanica Zdroj"]
[Date "2021.08.15"]
[Round "2"]
[White "Starosciak, Szymon"]
[Black "Laszewicz, Pawel"]
[Result "1-0"]
[WhiteElo "1956"]
[BlackElo "2161"]
[PlyCount "51"]
[EventDate "2021.08.14"]
[EventType "swiss"]
[EventRounds "9"]
[EventCountry "POL"]
[SourceTitle "CBM 203 Extra"]
[Source "ChessBase"]
[SourceDate "2021.09.30"]
[SourceVersion "1"]
[SourceVersionDate "2021.09.30"]
[SourceQuality "1"]

1. e4 e5 2. Nf3 Nf6 3. Nxe5 d6 4. Nf3 Nxe4 5. Nc3 Nxc3 6. dxc3 Be7 7. Be3 Nc6 8. Qd2 Be6 9. 0-0-0 a5 10. Kb1 0-0 11. Bd3 a4 12. h4 f6 13. Nd4 Nxd4 14. Bxd4 c5 15. Qe2 Bf7 16. Be3 Re8 17. g4 d5 18. g5 a3 19. b3 Qa5 20. Bd2 c4 21. Bf5 Bd6 22. Qf3 Re5 23. h5 g6 24. hxg6 hxg6 25. Qh3 Kf8 26. Qh8+ 1-0

[Event "POL-chT 2nd League"]
[Site "Poronin"]
[Date "2020.09.08"]
[Round "4.19"]
[White "Samborski, Henryk"]
[Black "Laszewicz, Pawel"]
[Result "0-1"]
[WhiteElo "2069"]
[BlackElo "2150"]
[PlyCount "104"]
[EventDate "2020.09.05"]
[EventType "team-swiss"]
[EventRounds "9"]
[EventCountry "POL"]
[SourceTitle "CBM 198 Extra"]
[Source "ChessBase"]
[SourceDate "2020.11.30"]
[SourceVersion "1"]
[SourceVersionDate "2020.11.30"]
[SourceQuality "1"]
[WhiteTeam "Rydultowy Ognisko"]
[BlackTeam "Radkow Giecek"]
[WhiteTeamCountry "POL"]
[BlackTeamCountry "POL"]

1. e4 c5 2. Nf3 d6 3. Bb5+ Bd7 4. Bxd7+ Nxd7 5. 0-0 Ngf6 6. Re1 g6 7. c3 Bg7 8. d4 0-0 9. e5 dxe5 10. dxe5 Ng4 11. e6 Nde5 12. Nxe5 Qxd1 13. Rxd1 Nxe5 14. exf7+ Kxf7 15. Na3 Rfd8 16. Be3 Nd3 17. Rd2 Nxb2 18. Rxb2 Bxc3 19. Rbb1 Rac8 20. Nb5 Bxa1 21. Rxa1 a6 22. Nc3 b5 23. Kf1 b4 24. Ne4 c4 25. Rc1 a5 26. Bd2 c3 27. Be1 Rc4 28. f3 a4 29. Ke2 c2 30. Bxb4 Rxb4 31. Rxc2 a3 32. Nd2 Rb2 33. Kd1 Rd3 34. Kc1 Rd4 35. Nb1 Rxc2+ 36. Kxc2 Rc4+ 37. Kb3 Rc1 38. Nxa3 Rh1 39. h3 Rh2 40. Nc4 Rxg2 41. a4 Rg3 42. Kb4 Rxh3 43. a5 Rh1 44. a6 Rb1+ 45. Kc5 h5 46. a7 Ra1 47. Kb6 Rxa7 48. Kxa7 h4 49. Kb6 h3 50. Ne5+ Ke6 51. Ng4 Kf5 52. Kc5 Kf4 0-1

[Event "EU-chT Seniors 50"]
[Site "Walbrzych"]
[Date "2018.04.22"]
[Round "9.1"]
[White "Roth, Martin"]
[Black "Laszewicz, Pawel"]
[Result "0-1"]
[WhiteElo "2008"]
[BlackElo "2110"]
[PlyCount "126"]
[EventDate "2018.04.14"]
[EventType "team-swiss"]
[EventRounds "9"]
[EventCountry "POL"]
[SourceTitle "CBM 184 Extra"]
[Source "ChessBase"]
[SourceDate "2018.06.28"]
[SourceVersion "1"]
[SourceVersionDate "2018.06.28"]
[SourceQuality "1"]
[WhiteTeam "Switzerland Spiez 50"]
[BlackTeam "Poland Walbrzych 50"]
[WhiteTeamCountry "SUI"]
[BlackTeamCountry "POL"]

1. e4 e5 2. Nc3 Nf6 3. g3 Nc6 4. Bg2 Bc5 5. d3 0-0 6. Be3 Bxe3 7. fxe3 d6 8. h3 Be6 9. Nd5 Bxd5 10. exd5 Ne7 11. e4 c6 12. dxc6 bxc6 13. Ne2 Qb6 14. Qd2 Qxb2 15. 0-0 Rab8 16. Kh2 Ng6 17. Nc3 Qa3 18. Rab1 Rb6 19. Rb3 Qa5 20. Qe1 Rxb3 21. axb3 Qc7 22. Na4 c5 23. Qd2 Rd8 24. Qc3 Qe7 25. Bf3 Nf8 26. Qa5 Ne6 27. Nc3 Nd4 28. Rf2 g6 29. Nd1 h5 30. Qd2 Kg7 31. Ne3 Qe6 32. h4 Nxf3+ 33. Rxf3 Ng4+ 34. Kg2 Nxe3+ 35. Qxe3 Qe7 36. Rf1 Rb8 37. Qf2 Rb7 38. Qd2 Rd7 39. Qf2 d5 40. Qf3 dxe4 41. dxe4 Rd2+ 42. Rf2 Rd4 43. c3 Rd7 44. Qe3 Qd6 45. Qf3 Rb7 46. Kh2 f6 47. Ra2 Qe6 48. c4 Rd7 49. Kg2 a6 50. Qe3 Qc6 51. Kf2 Rd4 52. Re2 Qd6 53. Qf3 Rd3 54. Re3 Qd4 55. Ke2 Qxe3+ 56. Qxe3 Rxe3+ 57. Kxe3 a5 58. Kf3 f5 59. Ke3 Kf6 60. Kf3 Ke6 61. Ke3 Kd6 62. Kf3 Kc6 63. Ke3 Kb6 0-1

[Event "EU-chT Seniors 50"]
[Site "Walbrzych"]
[Date "2018.04.17"]
[Round "4.1"]
[White "Laszewicz, Pawel"]
[Black "Lewis, Andrew P"]
[Result "0-1"]
[WhiteElo "2110"]
[BlackElo "2279"]
[PlyCount "59"]
[EventDate "2018.04.14"]
[EventType "team-swiss"]
[EventRounds "9"]
[EventCountry "POL"]
[SourceTitle "CBM 184 Extra"]
[Source "ChessBase"]
[SourceDate "2018.06.28"]
[SourceVersion "1"]
[SourceVersionDate "2018.06.28"]
[SourceQuality "1"]
[WhiteTeam "Poland Walbrzych 50"]
[BlackTeam "England 50"]
[WhiteTeamCountry "POL"]
[BlackTeamCountry "ENG"]

1. e4 c5 2. Nf3 Nc6 3. d4 cxd4 4. Nxd4 e6 5. Nc3 Qc7 6. Nxc6 bxc6 7. Bd3 Nf6 8. 0-0 Be7 9. f4 d5 10. Kh1 g6 11. Qf3 0-0 12. exd5 cxd5 13. Bd2 Rb8 14. f5 Rxb2 15. Nb5 Rxb5 16. Bxb5 exf5 17. Qc3 Qb8 18. Rab1 Ne4 19. Qd3 Bd6 20. g3 Qc7 21. Be3 d4 22. Bxd4 Bb7 23. Kg1 Ng5 24. Rfe1 Nf3+ 25. Kf1 Nxh2+ 26. Ke2 Nf3 27. Bc4 Be4 28. Qc3 Nxd4+ 29. Qxd4 Be5 30. Ra1 0-1

[Event "EU-chT Seniors 50"]
[Site "Walbrzych"]
[Date "2018.04.16"]
[Round "3.1"]
[White "Pietinen, Pekka"]
[Black "Laszewicz, Pawel"]
[Result "0-1"]
[WhiteElo "1983"]
[BlackElo "2110"]
[PlyCount "48"]
[EventDate "2018.04.14"]
[EventType "team-swiss"]
[EventRounds "9"]
[EventCountry "POL"]
[SourceTitle "CBM 184 Extra"]
[Source "ChessBase"]
[SourceDate "2018.06.28"]
[SourceVersion "1"]
[SourceVersionDate "2018.06.28"]
[SourceQuality "1"]
[WhiteTeam "Finland Cone Guard 50"]
[BlackTeam "Poland Walbrzych 50"]
[WhiteTeamCountry "FIN"]
[BlackTeamCountry "POL"]

1. e4 e5 2. Nf3 Nc6 3. Bb5 Nf6 4. 0-0 Nxe4 5. Re1 Nd6 6. Nxe5 Nxe5 7. Rxe5+ Be7 8. Bf1 0-0 9. Nc3 Bf6 10. Re1 c6 11. d3 Nf5 12. Ne4 Be7 13. Bf4 d5 14. Ng3 Nh4 15. Ne2 Ng6 16. Bg3 Qb6 17. Nf4 Bc5 18. Nxg6 fxg6 19. Rb1 Bxf2+ 20. Bxf2 Qxf2+ 21. Kh1 Bd7 22. Re2 Qf6 23. Rd2 Qg5 24. d4 Rxf1+ 0-1

[Event "EU-chT Seniors 50"]
[Site "Walbrzych"]
[Date "2018.04.15"]
[Round "2.1"]
[White "Burchardt, Brigitte"]
[Black "Laszewicz, Pawel"]
[Result "1-0"]
[WhiteElo "2166"]
[BlackElo "2110"]
[PlyCount "116"]
[EventDate "2018.04.14"]
[EventType "team-swiss"]
[EventRounds "9"]
[EventCountry "POL"]
[SourceTitle "CBM 184 Extra"]
[Source "ChessBase"]
[SourceDate "2018.06.28"]
[SourceVersion "1"]
[SourceVersionDate "2018.06.28"]
[SourceQuality "1"]
[WhiteTeam "Germany (Women) 50"]
[BlackTeam "Poland Walbrzych 50"]
[WhiteTeamCountry "GER"]
[BlackTeamCountry "POL"]

1. e4 e6 2. Nf3 c5 3. Nc3 Nc6 4. b3 Nf6 5. Bb2 d5 6. d3 d4 7. Ne2 e5 8. g3 Bd6 9. Bg2 Bg4 10. Nd2 h5 11. h3 Be6 12. Bc1 h4 13. g4 Nh7 14. Ng1 g5 15. Ngf3 f6 16. a4 Nf8 17. Ng1 Ng6 18. Ne2 Bc7 19. 0-0 Qd7 20. f3 Kf7 21. Rf2 a6 22. Ba3 Qe7 23. Bb2 b5 24. Bf1 Rhb8 25. Nb1 Na5 26. Nc1 Bd7 27. axb5 axb5 28. Nd2 Bb6 29. Kh2 Ra7 30. Re2 Rba8 31. Rb1 Kg7 32. Re1 Be6 33. Be2 Nf4 34. Bf1 Bf7 35. Ne2 Ne6 36. Ng1 Nd8 37. Ne2 Ndb7 38. f4 exf4 39. Nf3 Bc7 40. b4 Nc6 41. bxc5 Nxc5 42. Nexd4 Nxd4 43. Bxd4 Ra4 44. e5 fxe5 45. Bxe5+ Kg8 46. d4 Nb7 47. Bxb5 Bd5 48. Bxa4 Rxa4 49. Qd3 Qh7 50. Qxh7+ Kxh7 51. Nxg5+ Kg6 52. Bxc7 Rc4 53. Rb6+ Kg7 54. Bxf4 Rxc2+ 55. Kg1 Rg2+ 56. Kf1 Ra2 57. Re7+ Kf8 58. Rexb7 Ke8 1-0

[Event "POL-chT3 Dolnoslaskie 1718"]
[Site "Poland"]
[Date "2018.02.04"]
[Round "7.10"]
[White "Cechura, Petr"]
[Black "Laszewicz, Pawel"]
[Result "1/2-1/2"]
[WhiteElo "2172"]
[BlackElo "2077"]
[PlyCount "86"]
[EventDate "2017.10.08"]
[EventType "team-tourn"]
[EventRounds "11"]
[EventCountry "POL"]
[SourceTitle "EXT 2019"]
[Source "ChessBase"]
[SourceDate "2018.10.10"]
[SourceVersion "1"]
[SourceVersionDate "2018.10.10"]
[SourceQuality "1"]

1. e4 e5 2. Nf3 Nc6 3. d4 exd4 4. c3 d5 5. exd5 Qxd5 6. cxd4 Bb4+ 7. Nc3 Qa5 8. Bd2 Nf6 9. a3 Bxc3 10. Bxc3 Qd5 11. Be2 Bg4 12. 0-0 0-0-0 13. Ne5 Bxe2 14. Qxe2 Nxd4 15. Bxd4 Qxd4 16. Rad1 Qe4 17. Qxe4 Nxe4 18. Nxf7 Rxd1 19. Rxd1 Rf8 20. Rd4 Nc5 21. Ng5 h6 22. Ne4 Re8 23. f3 Nxe4 24. fxe4 Rd8 25. Rxd8+ Kxd8 26. Kf2 Kd7 27. Ke3 Kd6 28. Kf4 c5 29. a4 b6 30. Kf5 a6 31. Kg6 b5 32. axb5 axb5 33. Kxg7 Ke7 34. g4 c4 35. Kxh6 b4 36. g5 c3 37. bxc3 bxc3 38. g6 c2 39. g7 c1Q+ 40. Kh7 Qc7 41. g8Q Qxh2+ 42. Kg7 Qe5+ 43. Kh6 Qh2+ 1/2-1/2

[Event "POL-chT3 Dolnoslaskie 1718"]
[Site "Poland"]
[Date "2018.01.07"]
[Round "6.21"]
[White "Laszewicz, Pawel"]
[Black "Koszkul, Wojciech"]
[Result "1/2-1/2"]
[WhiteElo "2077"]
[BlackElo "2035"]
[PlyCount "82"]
[EventDate "2017.10.08"]
[EventType "team-tourn"]
[EventRounds "11"]
[EventCountry "POL"]
[SourceTitle "EXT 2019"]
[Source "ChessBase"]
[SourceDate "2018.10.10"]
[SourceVersion "1"]
[SourceVersionDate "2018.10.10"]
[SourceQuality "1"]

1. e4 c6 2. d4 d5 3. e5 e6 4. Nf3 c5 5. b4 cxd4 6. a3 a5 7. b5 Nd7 8. Bb2 Bc5 9. Bxd4 b6 10. c3 Bb7 11. Bd3 Ne7 12. 0-0 Ng6 13. Re1 Be7 14. Nbd2 Nc5 15. Bc2 Qc7 16. g3 0-0 17. h4 Rfd8 18. Ng5 Bxg5 19. hxg5 Rac8 20. a4 Ne7 21. Qg4 Ne4 22. Nxe4 dxe4 23. Bxe4 Bxe4 24. Qxe4 g6 25. Kg2 Nf5 26. Rad1 Rd5 27. Rc1 Qd8 28. Red1 Nxd4 29. cxd4 Rxc1 30. Rxc1 Rxd4 31. Rc8 Rxe4 32. Rxd8+ Kg7 33. f4 Rxa4 34. Rb8 Rb4 35. Rxb6 a4 36. Rb8 a3 37. Ra8 Rxb5 38. Rxa3 Rb4 39. Kf3 Rd4 40. Ke3 Rc4 41. Rd3 Ra4 1/2-1/2

[Event "POL-chT3 Dolnoslaskie 1718"]
[Site "Poland"]
[Date "2017.10.08"]
[Round "1.6"]
[White "Laszewicz, Pawel"]
[Black "Kolasinski, Krzysztof"]
[Result "1-0"]
[WhiteElo "2077"]
[BlackElo "2055"]
[PlyCount "89"]
[EventDate "2017.10.08"]
[EventType "team-tourn"]
[EventRounds "11"]
[EventCountry "POL"]
[SourceTitle "EXT 2019"]
[Source "ChessBase"]
[SourceDate "2018.10.10"]
[SourceVersion "1"]
[SourceVersionDate "2018.10.10"]
[SourceQuality "1"]

1. e4 c5 2. Nf3 Nc6 3. d4 cxd4 4. Nxd4 Nf6 5. Nc3 e5 6. Ndb5 d6 7. Bg5 a6 8. Na3 b5 9. Nd5 Be7 10. Bxf6 Bxf6 11. c4 b4 12. Nc2 a5 13. g3 Bg5 14. h4 Bh6 15. g4 Bf4 16. Qf3 0-0 17. Be2 Be6 18. Nxf4 exf4 19. Qxf4 Ne5 20. Ne3 a4 21. Kf1 Ng6 22. Qf3 Qb6 23. Rd1 Rfc8 24. h5 Ne5 25. Qf4 Qd8 26. Rd4 Qe7 27. Kg2 g5 28. Nf5 Qf6 29. Qd2 Nxc4 30. Bxc4 Rxc4 31. Rxc4 Bxc4 32. Qxb4 Qe6 33. f3 Bxa2 34. Rd1 d5 35. Qd2 h6 36. exd5 Qf6 37. Qb4 Re8 38. Rd2 Bxd5 39. Rxd5 Re2+ 40. Kf1 Rxb2 41. Qxa4 Qe6 42. Rd8+ Kh7 43. Rh8+ Kxh8 44. Qd4+ f6 45. Qd8+ 1-0

[Event "POL-chT3 Dolnoslaskie 1617"]
[Site "Poland"]
[Date "2017.04.02"]
[Round "9.10"]
[White "Balinski, Damian"]
[Black "Laszewicz, Pawel"]
[Result "1-0"]
[WhiteElo "2168"]
[BlackElo "2119"]
[PlyCount "71"]
[EventDate "2016.10.16"]
[EventType "team-tourn"]
[EventRounds "11"]
[EventCountry "POL"]
[SourceTitle "EXT 2018"]
[Source "ChessBase"]
[SourceDate "2017.10.13"]
[SourceVersion "1"]
[SourceVersionDate "2017.10.13"]
[SourceQuality "1"]

1. c4 e5 2. Nc3 Nf6 3. g3 d5 4. cxd5 Nxd5 5. Bg2 Nb6 6. Nf3 Nc6 7. d3 Be7 8. 0-0 0-0 9. Be3 Be6 10. Rc1 Nd5 11. Nxd5 Bxd5 12. Qa4 a6 13. Bc5 Re8 14. Rfd1 Bf6 15. e4 Be6 16. d4 exd4 17. e5 Nxe5 18. Nxe5 Bxe5 19. Bxb7 Rb8 20. Bc6 Re7 21. Qxa6 Rd7 22. b4 h5 23. a4 h4 24. a5 hxg3 25. hxg3 Bd5 26. Bxd5 Rxd5 27. Qd3 Qd7 28. a6 g6 29. a7 Ra8 30. Qe4 c6 31. Rd3 Bf6 32. b5 Re8 33. Qf3 Rc8 34. Qxf6 cxb5 35. a8Q Rxa8 36. Bxd4 1-0

[Event "POL-chT3 Dolnoslaskie 1617"]
[Site "Poland"]
[Date "2017.01.08"]
[Round "5.1"]
[White "Laszewicz, Pawel"]
[Black "Dubinski, Mateusz"]
[Result "0-1"]
[WhiteElo "2119"]
[BlackElo "2291"]
[PlyCount "90"]
[EventDate "2016.10.16"]
[EventType "team-tourn"]
[EventRounds "11"]
[EventCountry "POL"]
[SourceTitle "EXT 2018"]
[Source "ChessBase"]
[SourceDate "2017.10.13"]
[SourceVersion "1"]
[SourceVersionDate "2017.10.13"]
[SourceQuality "1"]

1. e4 e5 2. Nf3 Nc6 3. Bb5 a6 4. Bxc6 dxc6 5. 0-0 Bg4 6. h3 h5 7. d3 Qf6 8. Be3 Bxf3 9. Qxf3 Qxf3 10. gxf3 Bd6 11. Nd2 Ne7 12. Rfb1 c5 13. b4 cxb4 14. Nc4 a5 15. a3 Kd7 16. Nxd6 cxd6 17. axb4 axb4 18. Rxa8 Rxa8 19. Rxb4 Ra1+ 20. Kg2 Kc7 21. f4 Ra2 22. fxe5 dxe5 23. Rc4+ Nc6 24. d4 exd4 25. Bxd4 g6 26. Kf3 Kd6 27. Ke3 Ra3+ 28. c3 Ra1 29. Rc5 Rh1 30. Rd5+ Kc7 31. Be5+ Kc8 32. Bg3 Rxh3 33. Kf4 Rh1 34. Kg5 Re1 35. e5 Re4 36. f4 Nd8 37. Kf6 h4 38. Bh2 Rc4 39. Ke7 Rc7+ 40. Ke8 Ne6 41. Bg1 b5 42. Rxb5 Nxf4 43. Rb4 g5 44. Be3 Nd5 45. Re4 f5 0-1

[Event "POL-chT3 Dolnoslaskie 1617"]
[Site "Poland"]
[Date "2016.11.06"]
[Round "2.21"]
[White "Piotrowski, Przemyslaw"]
[Black "Laszewicz, Pawel"]
[Result "1-0"]
[WhiteElo "2315"]
[BlackElo "2119"]
[PlyCount "52"]
[EventDate "2016.10.16"]
[EventType "team-tourn"]
[EventRounds "11"]
[EventCountry "POL"]
[SourceTitle "EXT 2018"]
[Source "ChessBase"]
[SourceDate "2017.10.13"]
[SourceVersion "1"]
[SourceVersionDate "2017.10.13"]
[SourceQuality "1"]

1. d4 Nf6 2. Nf3 e6 3. g3 b6 4. Bg2 Bb7 5. 0-0 Be7 6. c4 c5 7. d5 exd5 8. Nh4 0-0 9. cxd5 d6 10. Nc3 Re8 11. Nf5 Bf8 12. Bg5 h6 13. Bf4 a6 14. a4 Qc7 15. e4 Nbd7 16. Rc1 Ne5 17. b4 Rad8 18. b5 a5 19. Ne3 Bc8 20. h3 Ned7 21. g4 Nh7 22. Bg3 g5 23. Ne2 Ne5 24. f4 Ng6 25. Nf5 gxf4 26. Nxf4 Ne5 1-0

[Event "POL-chT 2nd League"]
[Site "Szczyrk"]
[Date "2014.09.06"]
[Round "1.7"]
[White "Koziak, Vitali"]
[Black "Laszewicz, Pawel"]
[Result "1-0"]
[WhiteElo "2472"]
[BlackElo "2103"]
[PlyCount "69"]
[EventDate "2014.09.06"]
[EventType "team-swiss"]
[EventRounds "9"]
[EventCountry "POL"]
[SourceTitle "EXT 2015"]
[Source "ChessBase"]
[SourceDate "2014.11.20"]
[SourceVersion "1"]
[SourceVersionDate "2014.11.20"]
[SourceQuality "1"]
[WhiteTeam "Pegow Wieza"]
[BlackTeam "Radkow Giecek"]
[WhiteTeamCountry "POL"]
[BlackTeamCountry "POL"]

1. d4 Nf6 2. c4 e6 3. Nf3 d5 4. Nc3 Bb4 5. Qa4+ Nc6 6. e3 0-0 7. Bd2 Re8 8. a3 Bxc3 9. Bxc3 Ne4 10. Rc1 Nxc3 11. Rxc3 Bd7 12. cxd5 Ne7 13. Bb5 Bxb5 14. Qxb5 Nxd5 15. Rc2 Rb8 16. 0-0 c6 17. Qe2 Qd6 18. Rfc1 Rbd8 19. g3 Ne7 20. Nd2 Ng6 21. Ne4 Qd5 22. Nc5 e5 23. Nxb7 exd4 24. Rc5 Qe4 25. Nxd8 Rxd8 26. Rxc6 d3 27. Qd1 h6 28. R6c4 Qa8 29. f4 Qb7 30. R1c3 Rd6 31. Rxd3 Nh4 32. e4 Qb6+ 33. Kh1 Qf2 34. gxh4 Rg6 35. Rd2 1-0

[Event "POL-chT3 Dolnoslaskie 1314"]
[Site "Poland"]
[Date "2014.02.02"]
[Round "8.2"]
[White "Paprocki, Artur"]
[Black "Laszewicz, Pawel"]
[Result "1/2-1/2"]
[WhiteElo "1896"]
[BlackElo "2155"]
[PlyCount "129"]
[EventDate "2013.10.20"]
[EventType "team-tourn"]
[EventRounds "11"]
[EventCountry "POL"]
[SourceTitle "EXT 2018"]
[Source "ChessBase"]
[SourceDate "2017.10.13"]
[SourceVersion "1"]
[SourceVersionDate "2017.10.13"]
[SourceQuality "1"]
[WhiteTeam "Olesnica Pogon"]
[BlackTeam "Radkow Giecek"]
[WhiteTeamCountry "POL"]
[BlackTeamCountry "POL"]

1. c4 e5 2. Nc3 Nf6 3. g3 d5 4. cxd5 Nxd5 5. Bg2 Nb6 6. Nf3 Nc6 7. 0-0 Be7 8. a3 Be6 9. d3 0-0 10. b4 a5 11. b5 Nd4 12. Nd2 a4 13. Bxb7 Ra5 14. Rb1 Qd7 15. Nf3 Nxb5 16. Nxb5 Rxb5 17. Rxb5 Qxb5 18. Qc2 Bd6 19. Bb2 Bd5 20. Bxd5 Qxd5 21. Rc1 f6 22. Nd2 Rb8 23. Ne4 Qb3 24. Nd2 Qxc2 25. Rxc2 Kf7 26. Kf1 Ke6 27. Ke1 Nd7 28. Nc4 Rb3 29. Rc3 Rxc3 30. Bxc3 Nb6 31. Nxd6 cxd6 32. Kd2 d5 33. e3 Nc8 34. Bb4 Na7 35. Kc2 Nb5 36. Kb2 e4 37. d4 h5 38. h3 g5 39. Kc2 f5 40. Kd2 f4 41. g4 hxg4 42. hxg4 f3 43. Bf8 Na7 44. Kc3 Nb5+ 45. Kd2 Na7 46. Kc3 Nc6 47. Bb4 Kf7 48. Kb2 Nd8 49. Bd6 Ne6 50. Be5 Nf4 51. Kc2 Nd3 52. Bg3 Ke6 53. Kd2 Kd7 54. Kc3 Kc6 55. Kd2 Kb6 56. Kc2 Kb5 57. Kc3 Ne1 58. Be5 Nd3 59. Bg3 Kc6 60. Kc2 Ne1+ 61. Kd2 Nd3 62. Kc2 Kb6 63. Kd2 Kc6 64. Kc2 Kd7 65. Kd2 1/2-1/2

[Event "POL-chT3 Dolnoslaskie 1314"]
[Site "Poland"]
[Date "2014.01.19"]
[Round "7.2"]
[White "Laszewicz, Pawel"]
[Black "Fura, Ireneusz"]
[Result "1/2-1/2"]
[WhiteElo "2155"]
[BlackElo "2009"]
[PlyCount "134"]
[EventDate "2013.10.20"]
[EventType "team-tourn"]
[EventRounds "11"]
[EventCountry "POL"]
[SourceTitle "EXT 2018"]
[Source "ChessBase"]
[SourceDate "2017.10.13"]
[SourceVersion "1"]
[SourceVersionDate "2017.10.13"]
[SourceQuality "1"]
[WhiteTeam "Radkow Giecek"]
[BlackTeam "Wolow WKSz"]
[WhiteTeamCountry "POL"]
[BlackTeamCountry "POL"]

1. e4 c5 2. Nf3 d6 3. d4 cxd4 4. Qxd4 e5 5. Qd3 Nf6 6. Bg5 Be7 7. Bxf6 Bxf6 8. Nc3 Be6 9. 0-0-0 Be7 10. Nd5 Bxd5 11. Qxd5 Qc7 12. Kb1 0-0 13. Bc4 Nd7 14. Qd3 Rac8 15. Bd5 Nc5 16. Qd2 b5 17. h4 a5 18. Rh3 b4 19. Ne1 Rb8 20. Nd3 Na4 21. Ka1 Nb6 22. Ne1 Qc5 23. Nd3 Qc7 24. Ne1 Rbc8 25. h5 Qa7 26. Rd3 Rc5 27. g4 Nxd5 28. Rxd5 Rxd5 29. exd5 Bh4 30. f3 h6 31. Nd3 Qd4 32. Nc1 Qxd2 33. Rxd2 Bg5 34. Rd1 Bxc1 35. Rxc1 f5 36. a3 fxg4 37. fxg4 Rf4 38. Rg1 Rd4 39. g5 hxg5 40. Rxg5 Kh7 41. axb4 axb4 42. Ka2 Rxd5 43. Rg4 Rb5 44. Kb3 Kh6 45. Rg6+ Kxh5 46. Rxg7 e4 47. Ka4 Re5 48. Kxb4 e3 49. Rg1 e2 50. Re1 Kg4 51. c4 Kf3 52. Kc3 Ke3 53. b4 Rf5 54. Rxe2+ Kxe2 55. Kd4 Rh5 56. c5 dxc5+ 57. bxc5 Rh4+ 58. Kd5 Kd3 59. c6 Rd4+ 60. Ke6 Re4+ 61. Kd7 Rd4+ 62. Ke7 Rh4 63. c7 Rh7+ 64. Kd6 Rh6+ 65. Kd7 Rh7+ 66. Kc8 Rh8+ 67. Kb7 Kc4 1/2-1/2